Les Territoires d'Outre-Mer sur une Carte - Statistiques

Statistiques générales
  • Ce quiz a été pris 450 fois
  • Le résultat moyen est 11 sur 13
Réponses sur la Carte
Les réponses sont colorées sur une échelle allant du rouge au vert en fonction du pourcentage des utilisateurs qui les ont devinées à leur premier essai. Vous pouvez retrouver ces pourcentages ci-dessous.
 
Statistiques - réponses
DROM-COM % Correct
La Réunion
97%
Guyane
96%
Martinique
96%
Mayotte
96%
Guadeloupe
95%
Saint-Pierre-et-Miquelon
88%
Nouvelle-Calédonie
84%
Polynésie française
83%
Saint-Martin
78%
Wallis-et-Futuna
78%
Saint-Barthélémy
72%
TAAF
69%
Clipperton
63%
Aucun quiz correspondant
Distribution des résultats
% des personnes avec chaque résultat
Percentile par nombre de réponses
Votre historique - résultats
Vous n’avez pas pris ce quiz